000 00663nam a2200205Ii 4500
003 JO-AjNU
008 230605s9999||||xx |||||||||||||| ||und||
040 _aJO-AjNU
_bara
_erda
_cJO-AjNU
041 _aara
050 1 4 _aTX361 2000
100 3 _aمحمد، ابراهيم رحمة / م .مشارك يوسف لازم كماش ,
_eauthor
_941999
245 0 0 _aتغذية الرياضيين
250 _aط1
264 3 1 _aعمان: دار الفكر للنشر ، 2000
300 _a110ص
336 _atext
_btxt
_2rdacontent
337 _aunmediated
_bn
_2rdamedia
338 _avolume
_bnc
_2rdacarrier
650 4 _aامراض-علاج-تغذية
_942000
999 _aA17951
_c21519
_d21519